La dirección de empresa en el mundo industrial / (Record no. 78246)
[ view plain ]
| 000 -LEADER | |
|---|---|
| campo de control de longitud fija | 00699nam a2200193 i 4500 |
| 001 - NÚMERO DE CONTROL | |
| campo de control | 78246 |
| 003 - IDENTIFICADOR DE NÚMERO DE CONTROL | |
| campo de control | ES-MaACL |
| 005 - FECHA Y HORA DE LA ÚLTIMA TRANSACCIÓN | |
| campo de control | 20230906173624.0 |
| 007 - CAMPO FIJO DE DESCRIPCIÓN FÍSICA--INFORMACIÓN GENERAL | |
| campo de control de longitud fija | t| |
| 008 - DATOS DE LONGITUD FIJA--INFORMACIÓN GENERAL | |
| campo de control de longitud fija | 041013s1962 sp ||||1| spa d |
| 100 1# - ENTRADA PRINCIPAL--NOMBRE DE PERSONA | |
| Nombre de persona | Harbison, Frederick. |
| 9 (RLIN) | 61801 |
| 245 13 - MENCIÓN DEL TÍTULO | |
| Título | La dirección de empresa en el mundo industrial / |
| Mención de responsabilidad, etc. | Frederick Harbison, Charles A. Myers ; traducido por, Juan Santa-Cruz Vergara ; con la revisión técnica de, Juan Yáñez Gómez. |
| 260 ## - PUBLICACIÓN, DISTRIBUCIÓN, ETC. | |
| Lugar de publicación, distribución, etc. | Madrid : |
| Nombre del editor, distribuidor, etc. | Castillo, |
| Fecha de publicación, distribución, etc. | 1962. |
| 300 ## - DESCRIPCIÓN FÍSICA | |
| Extensión | XIV, 434 p. ; |
| Dimensiones | 24 cm. |
| 700 1# - ENTRADA AGREGADA--NOMBRE PERSONAL | |
| Nombre de persona | Myers, Charles A. |
| 9 (RLIN) | 84752 |
| 700 1# - ENTRADA AGREGADA--NOMBRE PERSONAL | |
| Nombre de persona | Santa-Cruz Vergara, Juan. |
| 9 (RLIN) | 103239 |
| 700 1# - ENTRADA AGREGADA--NOMBRE PERSONAL | |
| Nombre de persona | Yáñez Gómez, Juan. |
| 9 (RLIN) | 117570 |
| 852 ## - LOCALIZACIÓN | |
| Ubicación | ES-MaACL |
| Número de control de estantería | C-21889 |
| Sublocalización o colección | R.50397 |
| Estatus retirado | Estado de pérdida | Estado de daño | No para préstamo | Biblioteca de origen | Biblioteca actual | Ubicación en estantería | Fecha de adquisición | Fuente de adquisición | Total de préstamos | Signatura topográfica completa | Código de barras | Visto por última vez | Precio de reemplazo | Tipo de ítem Koha |
|---|---|---|---|---|---|---|---|---|---|---|---|---|---|---|
| Biblioteca del Ateneo de Madrid | Biblioteca del Ateneo de Madrid | Galería | 17/01/2008 | C-21889 | 1081851 | 23/02/2023 | 23/02/2023 | Libro impreso |
